书目信息 |
| 题名: |
大学体育
|
|
| 作者: | 陈智勇 编著 | |
| 分册: | ||
| 出版信息: | 武汉 湖北科学技术出版社 2004.05 |
|
| 页数: | 429页 | |
| 开本: | 24cm | |
| 丛书名: | 普通高等学校公共体育教材 | |
| 单 册: | ||
| 中图分类: | G807.4 | |
| 科图分类: | ||
| 主题词: | 体育--高等学校--教材 | |
| 电子资源: | ||
| ISBN: | 7-5352-3196-9 | |
| 000 | 00946nam 2200277 450 | |
| 001 | 010260091344 | |
| 005 | 20050916091508.92 | |
| 010 | @a7-5352-3196-9@dCNY28.80 | |
| 100 | @a20041206d2004 km y0chiy0120 ea | |
| 101 | 0 | @achi |
| 102 | @aCN@b420000 | |
| 105 | @aa a 000yy | |
| 200 | 1 | @a大学体育@Ada xue ti yu@f陈智勇等编著@Fchen zhi yong deng bian zhu |
| 210 | @a武汉@c湖北科学技术出版社@d2004.05 | |
| 215 | @a429页@c图@d24cm | |
| 225 | 2 | @a普通高等学校公共体育教材 |
| 312 | @a并列英文题名取自封面。 | |
| 320 | @a有书目 (第429页)。 | |
| 330 | @a该书分为二十二章。书中分别阐述了体育锻炼与大学生心理素质的培养、体育锻炼与大学生的社会适应、体育锻炼的基本原则和方法等内容。 | |
| 410 | 0 | @12001 @a普通高等学校公共体育教材 |
| 510 | 1 | @aUniversity Physical Culture@zeng |
| 606 | 0 | @a体育@x高等学校@x教材 |
| 690 | @aG807.4@v4 | |
| 701 | 0 | @a陈智勇@Achen zhi yong@4编著 |
| 801 | 0 | @aCN@bQSSK@c20050916 |
| 905 | @a10447@dG807.4@eC658 | |
| 大学体育/陈智勇等编著.-武汉:湖北科学技术出版社,2004.05 |
| 429页:图;24cm.-(普通高等学校公共体育教材) |
| ISBN 7-5352-3196-9:CNY28.80 |
| 该书分为二十二章。书中分别阐述了体育锻炼与大学生心理素质的培养、体育锻炼与大学生的社会适应、体育锻炼的基本原则和方法等内容。 |
| ● |
| 相关链接 |
|
|
|
正题名:大学体育
索取号:G807.4/C658
 
预约/预借
| 序号 | 登录号 | 条形码 | 馆藏地/架位号 | 状态 | 备注 |
| 1 | 570593 | 205705931 | 社科库409/409社科库 19排4列5层/ [索取号:G807.4/C658] | 在馆 | |
| 2 | 570594 | 205705940 | 社科库409/409社科库 19排4列5层/ [索取号:G807.4/C658] | 在馆 | |
| 3 | 570595 | 205705959 | 社科库409/409社科库 19排4列5层/ [索取号:G807.4/C658] | 在馆 |